Estudios sobre la administración central española (siglo XVII y XVIII)

Uloženo v:
Podrobná bibliografie
Hlavní autor: Bermejo Cabrero, José Luis (Autor)
Médium: Kniha
Jazyk:španělština
Vydáno: Madrid Centro de Estudios Constitucionales 1982
Edice:Estudios de derecho y administración
Témata:
Tagy: Přidat tag
Žádné tagy, Buďte první, kdo vytvoří štítek k tomuto záznamu!

MARC

LEADER 00000nam a2200000 a 4500
001 UCS7850
003 CL-VaPUC
008 971024e19820000SP |||||||||||||||||spa|d
082 0 4 |a 321.6  |b BER  |2 21 
100 0 |a Bermejo Cabrero, José Luis  |e author  |9 392746 
245 1 0 |a Estudios sobre la administración central española (siglo XVII y XVIII) 
300 |a 255 p 
942 |c BK 
945 |d 19971024 00:00:00  |a aolguin 
260 |a Madrid  |b Centro de Estudios Constitucionales  |c 1982 
650 7 |a GOBIERNO Y ADMINISTRACION  |2 CL-VaPUC  |9 258649 
650 0 |a Monarquía   |9 255259 
650 7 |a SIGLOS 17-18  |2 CL-VaPUC  |9 375763 
650 0 |a Historia  |9 255047 
651 0 |a España  |9 254926 
583 |a last modification  |c 19971024 00:00:00  |k Rodrigo Vera 
490 0 |a Estudios de derecho y administración 
999 |c 262601  |d 262599 
952 |0 0  |1 0  |4 0  |6 321_600000000000000_BER_1982  |7 0  |8 DER_HIS  |9 291294  |a BIBDER  |b BIBDER  |d 2019-11-19  |i 1889338  |l 1  |o 321.6 BER 1982  |p 1889338  |r 2023-01-25  |s 2020-03-18  |w 2019-11-19  |x Ubicación 4to Piso  |y BK  |z Estos recursos deben solicitarse con anticipación  |k DER